[Event "Arab Cities-chT 5th"]
[Site "Beirut"]
[Date "2007.04.15"]
[Round "9"]
[White "Al Hisamawi, Wael"]
[Black "Al Zendani, Zendan"]
[Result "0-1"]
[WhiteElo "2144"]
[BlackElo "2387"]
[PlyCount "66"]
[EventDate "2007.04.08"]
[EventType "team"]
[EventRounds "9"]
[EventCountry "LBN"]
[SourceTitle "CBM 117 Extra"]
[Source "ChessBase"]
[SourceDate "2007.05.09"]
[SourceVersion "1"]
[SourceVersionDate "2007.05.09"]
[SourceQuality "1"]

1. e4 c5 2. Nf3 e6 3. d4 cxd4 4. Nxd4 a6 5. Nc3 Qc7 6. g3 Bb4 7. Bd2 Nc6 8. Nxc6 bxc6 9. Qg4 Bf8 10. Bg2 Nf6 11. Qh4 Be7 12. 0-0 d5 13. Bg5 h6 14. Rae1 0-0 15. Bxh6 gxh6 16. Qxh6 Nh7 17. h4 d4 18. e5 dxc3 19. Re4 f5 20. exf6 Bxf6 21. Rg4+ Kh8 22. Be4 Bb7 23. bxc3 c5 24. Bd3 Rad8 25. Re1 e5 26. Re3 Bc8 27. Rg6 c4 28. Be4 Bb7 29. g4 Bxe4 30. Rxe4 Bg7 31. Qe3 Rd1+ 32. Kg2 Qd8 33. g5 Rd2 0-1